01108nam a2200325 i 4500003001000000005001700010007000300027008004100030020001800071040003500089041001300124043001200137084001100149100004100160245008200201250002300283264004300306300002400349336002700373337003300400338002800433521004200461534002300503650003700526650004100563650004900604650005400653651004200707700003300749CO-BoRNBP20250306151739.0ta231121s2023 ck a|||er|||||0|| f|spa|| a9786289603514 aCO-BoRNBPbspaerdacCO-BoRNBP1 aspaheng as-ke--- aN THI31 aThiong'o, Ngũgĩ wad1938-eautor10aPétalos de sangre /cNgũgĩ wa Thiong’o ; traducción Patricia Oliver aEdición especial 1aBogotá, ColombiabSaga Libros c2023 a472 páginac22 cm atextobtxt2rdacontent asin mediaciónbn2rdamedia avolumenbnc2rdacarrier aRecomendado para un público adulto  tPetals of blood. 17aNovela kenianaySiglo XX2ARMARC17aLiteratura kenianaySiglo XX2ARMARC17aDelitos políticos en la literatura2ARMARC17aCorrupción política en la literatura 2ARMARC 4aKenia vIndependenciaxHistoriay19631 aOliver, Patriciaetraductora